Welcher deutsche Fußballverein... Teil 2 - Statistiken

Allgemein
  • Dieses Quiz wurde 111 mal gespielt
  • Das Durchschnittsergebnis liegt bei 11 aus 18
Antwortstatistiken
Welcher Verein... Lösung % Korrekt
... wurde erster Meister in der Bundesliga 1. FC Köln
94%
... pflegt Fanfreundschaften nach Bochum und St. Pauli FC Bayern München
89%
... wird auch Fuggerstädter genannt FC Augsburg
85%
... stellte dank des Sturmduos Edin Dzeko und Grafite 2x hintereinander den Torschützenkönig der Bundesliga VfL Wolfsburg
83%
... tritt im S-Bahn-Derby gegen die SpVgg Unterhaching an 1860 München
80%
... feierte legändere Spiele im Bökelbergstadion Borussia Mönchengladbach
76%
... hat Arnd Zeigler als Stadionsprecher Werder Bremen
67%
... wurde neben Leverkusen ebenfalls von Bayer finanziert Bayer Uerdingen
63%
... verpflichtete trotz 'lautre' Tattoo Terrence Boyd Waldhof Mannheim
63%
... wird auch Veilchen genannt Erzgebirge Aue
61%
... wurde als Zweitligist DFB-Pokalsieger Hannover 96
49%
... trägt seine Heimspiele am Bieberer Berg aus Kickers Offenbach
47%
... trägt seine Heimspiele gegenüber des Technik Museums aus TSG Hoffenheim
44%
... blamierte sich 2000/01 in der 1. Pokalrunde mit 6:1 gegen den VfB Stuttgart II Eintracht Frankfurt
41%
... 'brennt' bei jedem Heimtor 'die Heide' SC Paderborn
41%
... wurde erster 3. Liga Meister Union Berlin
40%
... spielt im Stadtteil Probstheida Lokomotive Leipzig
18%
... spielt in der Stadt der Schängel TuS Koblenz
13%
Keine übereinstimmenden Quizze gefunden
Verteilung der Resultate
Anzahl Personen mit jedem Resultat
Perzentil nach korrekt beantworteten Fragen
Ihre Resultats-Entwicklung
Sie haben dieses Quiz noch nicht gespielt